[Event "Cup GMA"]
[Site "masterchessopen.com – Manila (Philippines)"]
[Date "2006.11.20"]
[Round "5"]
[White "Gomez John Paul (PHI)"]
[Black "Paragua Mark (PHI)"]
[Result "0-1"]
[WhiteElo "2387"]
[BlackElo "2587"]

1.e4 c5 2.Nf3 d6 3.d4 cxd4 4.Nxd4 Nf6 5.Nc3 Nc6 6.Bg5 e6 7.Qd2 a6 8.O-O-O Bd7
9.f4 Be7 10.Nf3 h6 11.Bh4 b5 12.Bd3 g5 13.fxg5 Ng4 14.e5 Ngxe5 15.Ne4 hxg5
16.Bxg5 f6 17.Nxe5 Nxe5 18.Bf4 Qc7 19.Bxe5 dxe5 20.Nxf6+ Bxf6 21.Bg6+ Ke7
22.Qb4+ Kd8 23.Rhf1 Be7 24.Qg4 Kc8 25.Be4 Ra7 26.Qg7 Re8 27.Bg6 Bg5+ 28.Kb1
Bc6 29.Qxc7+ Rxc7 30.Bxe8 Bxe8 31.Rf8 Re7 32.Re1 Bh6 33.Rg8 Bg7 34.h4 Kc7
35.Rh1 Bg6 36.g4 Bh7 37.Ra8 Be4 38.Ra7+ Kd8 39.Rxe7 Kxe7 40.Rh3 Kf7 41.Kc1 Bd5
42.h5 Bh6+ 43.Kd1 Kf6 44.Ra3 e4 45.Rxa6 e3 46.Ra3 Bf3+ 47.Ke1 Bf4 {#R} 0-1

[Event "It (cat.2) (a)"]
[Site "masterchessopen.com – Budapest (Hungary)"]
[Date "2006.12.04"]
[Round "3"]
[White "Horvath Andras (HUN)"]
[Black "Rombaldoni Axel (ITA)"]
[Result "1-0"]
[WhiteElo "2305"]
[BlackElo "2260"]

1.e4 c5 2.Nf3 Nc6 3.d4 cxd4 4.Nxd4 Nf6 5.Nc3 d6 6.Bg5 e6 7.Qd2 a6 8.O-O-O Bd7
9.f4 Be7 10.Kb1 b5 11.Nf3 b4 12.Bxf6 gxf6 13.Ne2 Qb6 14.f5 e5 15.Ng3 h5 16.Bd3
Bf8 17.Qe2 a5 18.Nf1 Bh6 19.Bc4 Nd8 20.h3 Rc8 21.g4 Qc6 22.b3 Nb7 23.Ng3 Bf4
24.Nxh5 Rxh5 25.gxh5 Nc5 26.Bd5 Qc7 27.Rhg1 Bc6 28.Rg8+ Ke7 29.Rxc8 Qxc8
30.Qc4 Bxd5 31.Qxd5 Qc7 32.Nd2 Qb7 33.Qxb7+ Nxb7 34.Nc4 Bh6 35.Rd5 Kd7 36.Nxa5
Nc5 37.Rxc5 dxc5 38.Nc4 Ke7 39.c3 Kf8 40.cxb4 cxb4 41.Kc2 Kg7 42.Kd3 Bc1
43.Nb6 Kh6 44.Nd5 {#r} 1-0

[Event "It (open)"]
[Site "masterchessopen.com – Montigny le Bretonneux (France)"]
[Date "2006.12.28"]
[Round "4"]
[White "Imbert Christophe (FRA)"]
[Black "Fischer Jean-Claude (FRA)"]
[Result "1-0"]
[WhiteElo "2129"]
[BlackElo "1903"]

1.e4 c5 2.Nf3 Nc6 3.d4 cxd4 4.Nxd4 Nf6 5.Nc3 d6 6.Bg5 e6 7.Qd2 a6 8.O-O-O Be7
9.f4 Bd7 10.Nf3 Qc7 11.e5 dxe5 12.fxe5 Ng4 13.Bxe7 Nxe7 14.Ne4 Nf5 15.Nd4 Rd8
16.Nxf5 exf5 17.Nd6+ Kf8 18.Nxf5 Nxe5 19.Qb4+ {#r} 1-0

[Event "Extra League 2006/07"]
[Site "masterchessopen.com – Czech Republic"]
[Date "2007.01.13"]
[Round "7"]
[White "Walek Milan (CZE)"]
[Black "Firt Stanislav (CZE)"]
[Result "0-1"]
[WhiteElo "2359"]
[BlackElo "2340"]

1.e4 c5 2.Nf3 d6 3.d4 cxd4 4.Nxd4 Nf6 5.Nc3 Nc6 6.Bg5 e6 7.Qd2 a6 8.O-O-O Bd7
9.f4 Be7 10.Nf3 b5 11.a3 b4 12.axb4 Nxb4 13.e5 Qa5 14.Qd4 dxe5 15.fxe5 Bc5
16.Qh4 Qa1+ 17.Nb1 Nfd5 18.Bc4 Rc8 19.Rhe1 Nxc2 20.Kxc2 Ba4+ 21.Kd3 Bxd1
22.Rxd1 Qxb2 23.Nbd2 Qa3+ 24.Bb3 Bb4 25.Rb1 Qa5 26.Nc4 Qc7 27.Ba4+ Kf8 28.Bb3
h6 29.Rf1 Qd7 30.Nd4 Kg8 31.Bd2 Kh7 32.Qe4+ g6 33.Nd6 f5 34.Qh4 Bxd2 35.Kxd2
Qc7 36.Nc4 Qb7 37.Rc1 g5 38.Qf2 Nf4 39.g3 Rhd8 40.Kc2 Qe4+ 41.Kc3 Rxd4 42.gxf4
Rdxc4+ {#R} 0-1

[Event "It (open)"]
[Site "masterchessopen.com – Belgrade (Yugoslavia)"]
[Date "2007.01.30"]
[Round "7"]
[White "Marinkov Svetislav (SRB)"]
[Black "Miladinovic Lena (SRB)"]
[Result "0-1"]
[WhiteElo "2061"]
[BlackElo "1795"]

1.e4 c5 2.Nf3 Nc6 3.d4 cxd4 4.Nxd4 Nf6 5.Nc3 d6 6.Bg5 e6 7.Qd2 a6 8.O-O-O Bd7
9.f4 Be7 10.Nf3 b5 11.e5 b4 12.exf6 bxc3 13.Qxc3 gxf6 14.Bc4 d5 15.Bb3 a5
16.a3 a4 17.Ba2 Rc8 18.Bh4 Nb4 19.Qxc8 Nxa2+ 20.Kb1 Qxc8 21.Kxa2 Qc4+ 22.Kb1
O-O 23.Rd4 Qb5 24.Ka1 Rb8 {#R} 0-1

[Event "Czech League 2006/07 (1st) East"]
[Site "masterchessopen.com – Czech Republic"]
[Date "2007.02.04"]
[Round "7"]
[White "Kulovana Eva (CZE)"]
[Black "Walek Milan (CZE)"]
[Result "1-0"]
[WhiteElo "2305"]
[BlackElo "2359"]

1.e4 c5 2.Nf3 d6 3.d4 cxd4 4.Nxd4 Nf6 5.Nc3 Nc6 6.Bg5 e6 7.Qd2 a6 8.O-O-O Bd7
9.f4 Be7 10.Kb1 b5 11.Bxf6 gxf6 12.Nxc6 Bxc6 13.Bd3 Qb6 14.f5 b4 15.Ne2 e5
16.Ng3 h5 17.h4 a5 18.Qe2 a4 19.Bc4 Ra5 20.Nxh5 Rc5 21.g4 Qb7 22.Ng3 Kf8 23.g5
d5 24.exd5 Bxd5 25.Bxd5 Rxd5 26.Rxd5 Qxd5 27.Ne4 a3 28.Rd1 Qc6 29.Qe1 b3
30.cxb3 axb2 31.Kxb2 Qa8 32.gxf6 Ba3+ 33.Ka1 Rg8 34.Qd2 {#r} 1-0

[Event "It \"]
[Site "masterchessopen.com – Bad Homburg (Germany)"]
[Date "2007.06.10"]
[Round "7"]
[White "Westerinen Heikki M J (FIN)"]
[Black "Issermann Ryhar (GER)"]
[Result "1-0"]
[WhiteElo "2371"]
[BlackElo "2273"]

1.e4 c5 2.Nf3 d6 3.d4 cxd4 4.Nxd4 Nf6 5.Nc3 Nc6 6.Bg5 e6 7.Qd2 a6 8.O-O-O Bd7
9.f4 Be7 10.Qe1 Nxd4 11.Rxd4 Qb6 12.Rd2 Bc6 13.e5 dxe5 14.fxe5 Nd5 15.Nxd5
Bxd5 16.Bxe7 Kxe7 17.Bc4 Bxc4 18.Qh4+ f6 19.Qxc4 Rad8 20.Qg4 Kf7 21.Qh5+ Ke7
22.exf6+ gxf6 23.Qh6 Rxd2 24.Qg7+ Kd6 25.Qxh8 Rxg2 26.Rd1+ Ke5 27.Re1+ Kd5
28.Qxf6 Rg1 29.Qe5+ Kc4 30.b3+ {#r} 1-0

[Event "It (open)"]
[Site "masterchessopen.com – Voronezh (Russia)"]
[Date "2007.06.20"]
[Round "9"]
[White "Lukovnikov Alexander (RUS)"]
[Black "Bratus Pater P (RUS)"]
[Result "1-0"]
[WhiteElo "2363"]
[BlackElo "2211"]

1.e4 c5 2.Nf3 d6 3.d4 cxd4 4.Nxd4 Nf6 5.Nc3 a6 6.Bg5 Nc6 7.Qd2 Bd7 8.O-O-O e6
9.f4 Be7 10.Nf3 Qc7 11.e5 dxe5 12.fxe5 Nd5 13.Nxd5 exd5 14.Bxe7 Nxe7 15.Qg5
Bf5 16.Nd4 Rc8 17.Bd3 Bg6 18.Rhf1 h6 19.Qg3 O-O 20.Kb1 Bxd3 21.Rxd3 Ng6 22.Re1
Kh7 23.c3 Rfe8 24.Rde3 Nf8 25.Nf5 Ne6 26.Nd6 d4 27.Nxe8 Rxe8 28.cxd4 Nxd4
29.Rc3 Nc6 30.Rce3 Re6 31.Qf4 Kg8 32.h4 Qa5 33.a3 Qd2 34.Qf1 Qd8 35.g3 b5
36.Rd3 Qe7 37.Rd6 Nxe5 38.Rxe6 Qxe6 39.Qf4 f6 40.Qe4 Qb3 41.Re3 Qd1+ 42.Ka2 a5
43.Rc3 Qd7 44.Rc5 Kh8 45.Qd5 Qg4 46.Rxb5 Qxg3 47.Rb8+ Kh7 48.h5 Nf7 49.Rf8
{#r} 1-0

[Event "It (open)"]
[Site "masterchessopen.com – Biel (Switzerland)"]
[Date "2007.07.24"]
[Round "2"]
[White "Edouard Romain (FRA)"]
[Black "Balenovic Zvonimir (CRO)"]
[Result "1-0"]
[WhiteElo "2472"]
[BlackElo "2248"]

1.e4 c5 2.Nf3 Nc6 3.d4 cxd4 4.Nxd4 Nf6 5.Nc3 d6 6.Bg5 e6 7.Qd2 a6 8.O-O-O Bd7
9.f4 Be7 10.Nf3 b5 11.Bd3 Qb6 12.e5 dxe5 13.fxe5 Nd5 14.Nxd5 exd5 15.Be4 Be6
16.Bxd5 Bxd5 17.Qxd5 Rd8 18.Qe4 Bxg5+ 19.Nxg5 h6 20.e6 hxg5 21.exf7+ Kxf7
22.Rdf1+ Kg8 23.Qe6+ Kh7 24.h4 g4 25.Rf5 g6 26.Rf7+ Kh6 27.h5 {#r} 1-0

[Event "Ch Great Britain"]
[Site "masterchessopen.com – Great Yarmouth (England)"]
[Round "2"]
[White "Jain Akshay Kumar (IND)"]
[Black "Anderson John (ENG)"]
[Result "0-1"]
[WhiteElo "2242"]
[BlackElo "2223"]

1.e4 c5 2.Nf3 Nc6 3.d4 cxd4 4.Nxd4 Nf6 5.Nc3 d6 6.Bg5 e6 7.Qd2 a6 8.O-O-O Bd7
9.f4 Be7 10.Nf3 b5 11.e5 b4 12.exf6 bxc3 13.Qxc3 gxf6 14.Rxd6 Bxd6 15.Bxf6 Bb4
{#R} 0-1

[Event "Ch Great Britain"]
[Site "masterchessopen.com – Great Yarmouth (England)"]
[Date "2007.08.09"]
[Round "10"]
[White "Hodgson John H (ENG)"]
[Black "Poobalasingam Peter (ENG)"]
[Result "0-1"]
[WhiteElo "2207"]
[BlackElo "2158"]

1.e4 c5 2.Nf3 d6 3.d4 cxd4 4.Nxd4 Nf6 5.Nc3 Nc6 6.Bg5 Bd7 7.Qd2 a6 8.O-O-O e6
9.f4 Be7 10.Nf3 h6 11.Bh4 b5 12.e5 b4 13.exf6 bxc3 14.Qxc3 gxf6 15.Kb1 Rg8
16.h3 h5 17.g4 hxg4 18.hxg4 Rxg4 19.Bh3 Rg8 20.Rdg1 Rf8 21.Rg7 Rc8 22.Qd2 Qa5
23.Qxa5 Nxa5 24.Bg4 Bc6 25.Rh2 Nc4 26.Nd4 Bd7 27.Bh5 e5 28.Ne2 f5 29.Bxe7 Kxe7
30.Nc3 Be6 31.Be2 a5 32.Bxc4 Rxc4 33.Ne2 Rfc8 34.c3 Re4 35.Rgg2 Bc4 36.fxe5
dxe5 37.Ng3 Rf4 38.Kc2 Bxa2 39.b3 Rb8 {#R} 0-1

[Event "It (open)"]
[Site "masterchessopen.com – Guben (Germany)"]
[Date "2008.01.07"]
[Round "7"]
[White "Ninov Nikolai (BUL)"]
[Black "Marholev Dimitar (BUL)"]
[Result "1-0"]
[WhiteElo "2528"]
[BlackElo "2421"]

1.e4 c5 2.Nf3 Nc6 3.d4 cxd4 4.Nxd4 Nf6 5.Nc3 d6 6.Bg5 e6 7.Qd2 a6 8.O-O-O Bd7
9.f4 Be7 10.Nf3 h6 11.Bh4 g5 12.fxg5 Ng4 13.g3 Nge5 14.Nxe5 dxe5 15.gxh6 Bxh4
16.gxh4 Qe7 17.Qg5 O-O-O 18.Na4 Qb4 19.b3 Qxe4 20.Rg1 Nd4 21.Bd3 Qf4+ 22.Qxf4
exf4 23.h7 Bxa4 24.bxa4 f5 25.Rg7 f3 26.Kb2 Ne2 27.Rf1 Nf4 28.Rxf3 Nd5 29.Bc4
Rd7 30.Rg8+ Rd8 31.Bxd5 exd5 32.Rxd8+ Kxd8 33.Rxf5 Rxh7 34.Rxd5+ {#r} 1-0

[Event "Bayern Regionalliga Northeast 2007/08"]
[Site "masterchessopen.com – Bayern (Germany)"]
[Date "2008.03.09"]
[Round "7"]
[White "Sippl Martin (GER)"]
[Black "Liepold Stefan (GER)"]
[Result "1-0"]
[WhiteElo "2094"]
[BlackElo "2296"]

1.e4 c5 2.Nf3 d6 3.d4 cxd4 4.Nxd4 Nf6 5.Nc3 Nc6 6.Bg5 e6 7.Qd2 a6 8.O-O-O Bd7
9.f4 Be7 10.Be2 O-O 11.Bf3 h6 12.h4 hxg5 13.Nxc6 Bxc6 14.hxg5 Nh7 15.Qf2 Bxg5
16.fxg5 Qxg5+ 17.Kb1 Nf6 18.Rh3 Rfd8 19.Rdh1 Kf8 20.Re1 g6 21.e5 dxe5 22.Bxc6
bxc6 23.Rf3 Kg7 24.Rf1 Rd2 25.Qe1 Ra7 26.Rxf6 Rad7 27.R6f2 Rxf2 28.Rxf2 Rd4
29.a3 f6 30.Qe2 Qh4 31.Rf3 Rd8 32.Rh3 Qg5 33.Qxa6 f5 34.Qb7+ Kg8 35.Rh7 {#r}
1-0

[Event "Memorial G.Agzamov (open)"]
[Site "masterchessopen.com – Tashkent (Uzbekistan)"]
[Date "2008.03.24"]
[Round "5"]
[White "Djuraev Sokhib (TJK)"]
[Black "Kvon Andrey (UZB)"]
[Result "0-1"]
[WhiteElo "2339"]
[BlackElo "2425"]

1.e4 c5 2.Nf3 Nc6 3.d4 cxd4 4.Nxd4 Nf6 5.Nc3 d6 6.Bg5 e6 7.Qd2 a6 8.O-O-O Bd7
9.f4 Be7 10.Kb1 b5 11.Bxb5 axb5 12.Ndxb5 O-O 13.Nxd6 Qa5 14.Bxf6 Bxf6 15.e5
Be7 16.b3 Rfb8 17.a4 Bxd6 18.exd6 Nb4 19.Kb2 Rc8 20.Rc1 Nd5 21.Nb1 Qb6 22.Rhd1
Rxa4 23.Na3 Nc3 24.Ra1 Nxd1+ 25.Rxd1 Rca8 26.Ra1 R4a6 27.Nc4 Qa7 28.Re1 Ra1
29.Re5 Rb1+ 30.Kc3 Qa1+ 31.Kb4 Rb8+ {#R} 0-1

[Event "Ch Hungary (team) 2007/08"]
[Site "masterchessopen.com – Hungary"]
[Date "2008.04.27"]
[Round "10"]
[White "Torok Sandor (HUN)"]
[Black "Acs Peter (HUN)"]
[Result "1-0"]
[WhiteElo "2342"]
[BlackElo "2542"]

1.e4 c5 2.Nf3 d6 3.Nc3 Nc6 4.d4 cxd4 5.Nxd4 Nf6 6.Bg5 e6 7.Qd2 a6 8.O-O-O Bd7
9.f4 Be7 10.Nf3 b5 11.e5 b4 12.exf6 bxc3 13.Qxc3 gxf6 14.Bh6 Rb8 15.a3 d5
16.f5 Rg8 17.Be2 Qb6 18.Rhe1 Rc8 19.fxe6 fxe6 20.Be3 Qb7 21.Nd4 Ne5 22.Bh5+
Ng6 23.Qd3 Kf7 24.Kb1 Rc4 25.Bc1 Qb6 26.b3 e5 27.Nf5 Bxf5 28.Qxf5 Rgc8 29.Re2
R4c5 30.Rxd5 Rxd5 31.Qxc8 Rd1 32.Rd2 Rxd2 33.Bxd2 Qg1+ 34.Ka2 Qxg2 35.Qh8 Qxd2
36.Qxh7+ Ke6 37.Bxg6 Kd6 38.h4 a5 39.a4 Qb4 40.h5 Kd5 41.h6 Kd4 42.Qg8 Kc3
43.Qc4+ {#r} 1-0

[Event "Olympiad (national) (youth)"]
[Site "masterchessopen.com – Szczavno Zdroj (Poland)"]
[Date "2008.04.29"]
[Round "4"]
[White "Krzyzanowski Marcin (POL)"]
[Black "Dragun Kamil (POL)"]
[Result "0-1"]
[WhiteElo "2280"]
[BlackElo "2174"]

1.e4 c5 2.Nf3 d6 3.d4 cxd4 4.Nxd4 Nf6 5.Nc3 Nc6 6.Bg5 e6 7.Qd2 a6 8.O-O-O Bd7
9.f4 Be7 10.Nf3 h6 11.Bxf6 gxf6 12.f5 Qc7 13.g3 O-O-O 14.fxe6 fxe6 15.Bh3 Kb8
16.Kb1 Qb6 17.Rhf1 Ne5 18.Qd4 Qa5 19.Nd2 Rc8 20.Qe3 h5 21.Rf4 Rhd8 22.Nb3 Qc7
23.Rh4 Nc4 24.Qd3 f5 25.exf5 Ne5 26.Qe2 Bxh4 27.fxe6 Bc6 28.gxh4 Bf3 29.Qd2
Bxd1 30.e7 Bxc2+ 31.Qxc2 Qxe7 32.Bxc8 Rxc8 {#R} 0-1

[Event "Memorial Em.Lasker (open)"]
[Site "masterchessopen.com – Barlinek (Poland)"]
[Date "2008.06.04"]
[Round "5"]
[White "Chochoy Patrick (FRA)"]
[Black "Dragun Kamil (POL)"]
[Result "0-1"]
[WhiteElo "1743"]
[BlackElo "2174"]

1.e4 c5 2.Nf3 d6 3.d4 cxd4 4.Nxd4 Nf6 5.Nc3 Nc6 6.Bg5 e6 7.Qd2 Be7 8.O-O-O a6
9.f4 Bd7 10.Nf3 h6 11.Bxf6 gxf6 12.Bd3 Qc7 13.Rhe1 O-O-O 14.Nd5 exd5 15.exd5
Ne5 16.fxe5 fxe5 17.Kb1 Kb8 18.Bf1 Bc8 19.Qb4 Ka7 20.Rd3 Rhe8 21.Rc3 Qb6
22.Qa3 f5 23.Nd2 e4 24.Nc4 Qc5 25.Qb3 Bf6 26.Ne5 Qf2 27.Nc6+ bxc6 28.Rce3 f4
29.dxc6 fxe3 {#R} 0-1

[Event "Ch Germany (juniors) (Internet) (under 14) (final)"]
[Site "masterchessopen.com – Internet"]
[Date "2008.06.15"]
[Round "4"]
[White "Lampert Jonas (GER)"]
[Black "Duenzel Jonas (GER)"]
[Result "1-0"]
[WhiteElo "1925"]
[BlackElo "2006"]

1.e4 c5 2.Nf3 d6 3.d4 cxd4 4.Nxd4 Nf6 5.Nc3 a6 6.Bg5 e6 7.Qd2 Be7 8.f4 Nc6
9.O-O-O Bd7 10.Bxf6 gxf6 11.f5 Nxd4 12.Qxd4 Qc7 13.fxe6 fxe6 14.Be2 O-O-O
15.Rd3 Kb8 16.Na4 e5 17.Qb4 b5 18.Nc3 Be6 19.Nd5 Bxd5 20.Rxd5 Rc8 21.c3 Ka7
22.Bxb5 Qb6 23.Qa4 Kb7 24.Bxa6+ Kc7 25.Bxc8 Rxc8 26.Rhd1 Kd8 27.Qa3 Qe3+
28.R5d2 Qxe4 29.Rxd6+ Ke8 30.Re6 Rc7 31.Qd6 Qb7 32.Qd5 Qxd5 33.Rxd5 Kf7 34.Rb6
Bc5 35.Rb5 Be3+ 36.Kc2 Bf4 37.Rdc5 Re7 38.Rc6 Bxh2 39.Rbc5 Bf4 40.Rc7 {#r} 1-0

[Event "It (open)"]
[Site "masterchessopen.com – Nikea (Greece)"]
[Date "2008.08.25"]
[Round "1"]
[White "Nikolova Adriana (BUL)"]
[Black "Petraki Maria (GRE)"]
[Result "1-0"]
[WhiteElo "2281"]
[BlackElo "2030"]

1.e4 c5 2.Nf3 d6 3.d4 cxd4 4.Nxd4 Nf6 5.Nc3 Nc6 6.Bg5 e6 7.Qd2 Be7 8.f4 a6
9.O-O-O Bd7 10.Nf3 h6 11.Bh4 Qc7 12.Kb1 O-O-O 13.Bf2 Kb8 14.Qe1 Rhe8 15.Bd3
Qa5 16.Qg1 Kc7 17.Nd2 Rc8 18.Nc4 Qh5 19.h3 e5 20.f5 Nd4 21.Bxd4 exd4 22.Qxd4
Bc6 23.e5 d5 24.exf6 dxc4 25.Be2 Bxf6 26.Qd6+ {#r} 1-0

[Event "Ch Belgrade (team) (qual. liga)"]
[Site "masterchessopen.com – Belgrade (Yugoslavia)"]
[Date "2008.11.11"]
[Round "10"]
[White "Nestorovic Lazar (SRB)"]
[Black "Petrovic Miodrag (SRB)"]
[Result "1-0"]
[WhiteElo "2245"]
[BlackElo "2096"]

1.e4 c5 2.Nf3 Nc6 3.d4 cxd4 4.Nxd4 Nf6 5.Nc3 d6 6.Bg5 e6 7.Qd2 a6 8.f4 Bd7
9.O-O-O Be7 10.Nf3 Qc7 11.e5 dxe5 12.fxe5 Ng4 13.Bxe7 Nxe7 14.Ne4 Nf5 15.h3
Nge3 16.Re1 Nxf1 17.Rhxf1 O-O-O 18.Nd6+ Kb8 19.Nxf7 Bb5 20.Nxd8 Rxd8 21.Qf2
Bxf1 22.Rxf1 Rc8 23.Kb1 h5 24.Re1 Qc4 25.Qe2 Qc5 26.a3 h4 27.Qd2 Qc4 28.b3 Qc5
29.Kb2 Qb6 30.Re4 Rd8 31.Qe1 Qc6 32.Rc4 Qd5 33.a4 Rc8 34.Rxc8+ Kxc8 35.Qc3+
Kb8 36.Qd3 Qc5 37.Qd8+ Ka7 38.Qd7 Ne3 39.Qd4 Kb6 40.Qd8+ Ka7 41.Qd4 Kb6 42.a5+
Kc6 43.Qe4+ Kc7 44.Nd4 {#r} 1-0

[Event "It (open)"]
[Site "masterchessopen.com – Navalmoral (Spain)"]
[Date "2008.12.05"]
[Round "3"]
[White "Andrada Andrada Luis Javier (ESP)"]
[Black "Epishin Vladimir (GER)"]
[Result "0-1"]
[WhiteElo "2260"]
[BlackElo "2581"]

1.e4 c5 2.Nf3 d6 3.d4 Nf6 4.Nc3 cxd4 5.Nxd4 Nc6 6.Bg5 Bd7 7.Qd2 a6 8.O-O-O e6
9.f4 Be7 10.Nxc6 Bxc6 11.Bd3 h6 12.Bh4 b5 13.Rhe1 Rc8 14.Kb1 Nxe4 15.Bxe4 Bxh4
16.g3 Be7 17.f5 b4 18.Bxc6+ Rxc6 19.Ne2 e5 20.Qxb4 O-O 21.Nc3 a5 22.Qa4 Rxc3
23.bxc3 Qc8 24.Rd3 Qxf5 25.c4 Rc8 26.Qxa5 Rxc4 27.Qd2 Bg5 28.Qe2 e4 29.Rb3 Qc5
30.Rf1 Bf6 31.a3 Qc8 32.Rd1 Be5 33.Rd5 Qc6 34.Rdb5 d5 35.R5b4 Qc5 36.Qd1 Qf2
37.Rxc4 dxc4 38.Rb5 Bc3 39.Rb8+ Kh7 40.Ka2 e3 41.Re8 f6 42.a4 Be5 43.Ka3 e2
{#R} 0-1

[Event "Ch Region"]
[Site "masterchessopen.com – Voronezh (Russia)"]
[Date "2008.12.07"]
[Round "5"]
[White "Ponomariov Timur (RUS)"]
[Black "Morozov Evgeny (RUS)"]
[Result "0-1"]
[WhiteElo "2307"]
[BlackElo "2331"]

1.e4 c5 2.Nf3 d6 3.d4 cxd4 4.Nxd4 Nf6 5.Nc3 Nc6 6.Bg5 e6 7.Qd2 a6 8.O-O-O Bd7
9.f4 Be7 10.Nf3 b5 11.e5 b4 12.exf6 bxc3 13.Qxc3 gxf6 14.Rxd6 Bxd6 15.Bxf6 Bb4
16.Qxb4 Nxb4 17.Bxd8 Kxd8 18.Ne5 Ke7 19.Bc4 f6 20.Nxd7 Kxd7 21.Rd1+ Kc7
22.Bxe6 Rad8 {#R} 0-1

[Event "Oberliga Bayern 2008/09"]
[Site "masterchessopen.com – Bayern (Germany)"]
[Date "2009.02.01"]
[Round "6"]
[White "Scheidt Karlheinz (GER)"]
[Black "Maurer Jochen (GER)"]
[Result "1-0"]
[WhiteElo "2181"]
[BlackElo "2212"]

1.e4 c5 2.Nf3 d6 3.d4 cxd4 4.Nxd4 Nf6 5.Nc3 Nc6 6.Bg5 e6 7.Qd2 a6 8.O-O-O Bd7
9.f4 Be7 10.Nf3 b5 11.e5 b4 12.exf6 gxf6 13.Ne4 d5 14.Ng3 fxg5 15.fxg5 Qb6
16.Qf4 a5 17.Kb1 a4 18.Nh5 O-O-O 19.Bd3 Kb7 20.Nf6 Bxf6 21.Qxf6 a3 22.Rhf1
axb2 23.Ne5 b3 24.cxb3 Nb4 25.Nxd7 Qa5 26.a4 Qc7 27.Ne5 Qc3 28.Qe7+ Kb6 29.a5+
{#r} 1-0

[Event "Memorial  Seishi Fujishima"]
[Site "masterchessopen.com – Campinas (Brazil)"]
[Date "2009.09.12"]
[Round "4"]
[White "Pereira Marcio Machado (BRA)"]
[Black "Menezes Se Daniel (BRA)"]
[Result "0-1"]
[WhiteElo "1711"]
[BlackElo "1608"]

1.e4 c5 2.Nf3 d6 3.d4 cxd4 4.Nxd4 Nc6 5.Nc3 Nf6 6.Bg5 a6 7.Qd2 e6 8.O-O-O Bd7
9.f4 Be7 10.Nxc6 Bxc6 11.e5 dxe5 12.fxe5 Ne4 13.Nxe4 Bxe4 14.Bxe7 Qxe7 15.Qf4
Bd5 16.Rg1 O-O 17.Bd3 Rad8 18.h4 f5 19.exf6 Rxf6 20.Qe5 Rf2 21.Rdf1 Qxh4 22.b3
Qf6 23.Qxf6 Rxf6 24.Rxf6 gxf6 25.Rh1 f5 26.Re1 Kf7 27.g3 Kf6 28.a4 Bxb3
29.Bxf5 exf5 30.cxb3 Rd3 31.Rh1 Kg6 32.Rh4 Rxb3 33.g4 Kg5 34.Rxh7 fxg4 35.Kc2
Ra3 36.Rxb7 Rxa4 37.Kd2 a5 38.Ke2 Kf4 39.Kf2 Ra2+ 40.Kf1 a4 41.Kg1 a3 42.Ra7
Kg3 43.Kf1 Ra1+ 44.Ke2 Kg2 45.Ra8 g3 46.Ra7 a2 {#R} 0-1

[Event "Ch Municipal 10 October (final)"]
[Site "masterchessopen.com – Habana (Cuba)"]
[Date "2009.09.22"]
[Round "6"]
[White "Jodar Arias Marlon (CUB)"]
[Black "Martinez Ival Carlos (CUB)"]
[Result "1-0"]
[WhiteElo "2120"]
[BlackElo "2081"]

1.e4 c5 2.Nf3 d6 3.d4 cxd4 4.Nxd4 Nf6 5.Nc3 Nc6 6.Bg5 e6 7.Qd2 a6 8.O-O-O Bd7
9.f4 Be7 10.Nf3 h6 11.Bh4 Qc7 12.e5 dxe5 13.fxe5 Ng4 14.Bxe7 Nxe7 15.h3 {#r}
1-0

[Event "It (open)"]
[Site "masterchessopen.com – Marseilles (France)"]
[Date "2009.12.28"]
[Round "6"]
[White "Jeanjean Dominique (FRA)"]
[Black "Colandrea Sauveur (FRA)"]
[Result "1-0"]
[WhiteElo "2151"]
[BlackElo "1901"]

1.e4 c5 2.Nf3 d6 3.d4 cxd4 4.Nxd4 Nf6 5.Nc3 Nc6 6.Bg5 e6 7.Qd2 Bd7 8.O-O-O a6
9.f4 Be7 10.Nf3 Qc7 11.e5 dxe5 12.fxe5 Nxe5 13.Nxe5 Qxe5 14.Bxf6 Bxf6 15.Qxd7+
Kf8 16.Be2 {#r} 1-0

[Event "It (open) \"]
[Site "masterchessopen.com – Caleta (England)"]
[Date "2010.02.02"]
[Round "8"]
[White "Steinskog Asbjorn Ottesen (NOR)"]
[Black "Doubleday William G (CAN)"]
[Result "0-1"]
[WhiteElo "1887"]
[BlackElo "2082"]

1.e4 c5 2.Nf3 Nc6 3.d4 cxd4 4.Nxd4 Nf6 5.Nc3 d6 6.Bg5 e6 7.Qd2 Be7 8.O-O-O a6
9.f4 Bd7 10.Be2 h6 11.Bxf6 Bxf6 12.Nf3 Be7 13.g4 Qa5 14.Kb1 O-O-O 15.Nd5 exd5
16.Qxa5 Nxa5 17.exd5 b5 18.Nd4 Bf6 19.a4 Bxd4 20.Rxd4 Rhe8 21.Re1 Kc7 22.axb5
Bxb5 {#R} 0-1

[Event "Ch Canada (juniors)"]
[Site "masterchessopen.com – Toronto (Canada)"]
[Date "2010.05.01"]
[Round "2"]
[White "Xu Hanbing (CHN)"]
[Black "Sapozhnikov Roman (CAN)"]
[Result "0-1"]
[WhiteElo "2360"]
[BlackElo "2226"]

1.e4 c5 2.Nf3 d6 3.d4 cxd4 4.Nxd4 Nf6 5.Nc3 Nc6 6.Bg5 e6 7.Qd2 a6 8.O-O-O Bd7
9.f4 Be7 10.Qe1 Nxd4 11.Rxd4 Qa5 12.Bc4 h6 13.Bh4 g5 14.fxg5 hxg5 15.Bf2 Ng4
16.Bb3 Qe5 17.Kb1 Rxh2 18.Rxh2 Qxh2 19.Bg3 Qh8 20.Qd1 Ne3 21.Qd2 Nf1 {#R} 0-1

[Event "Cup Dvorkovich (juniors) (team)"]
[Site "masterchessopen.com – Moscow (Russia)"]
[Date "2010.07.06"]
[Round "10"]
[White "Meribanov Vitaly (BLR)"]
[Black "Bukavshin Ivan (RUS)"]
[Result "0-1"]
[WhiteElo "2219"]
[BlackElo "2430"]

1.e4 c5 2.Nf3 d6 3.d4 cxd4 4.Nxd4 Nf6 5.Nc3 Nc6 6.Bg5 e6 7.Qd2 a6 8.O-O-O Be7
9.f4 Bd7 10.Nf3 b5 11.e5 b4 12.exf6 bxc3 13.Qxc3 gxf6 14.Bh4 d5 15.Kb1 Rb8
16.Nd4 Nxd4 17.Rxd4 Qb6 18.b3 a5 19.Rd1 Rc8 20.Qb2 Qc7 21.f5 Ba3 22.Bg3 e5
{#R} 0-1

[Event "It (open)"]
[Site "masterchessopen.com – Dresden (Germany)"]
[Date "2010.07.11"]
[Round "2"]
[White "Grzeca Pascal (GER)"]
[Black "Stabolewski Andreas (GER)"]
[Result "1-0"]
[WhiteElo "1911"]
[BlackElo "2265"]

1.e4 c5 2.Nf3 Nc6 3.d4 cxd4 4.Nxd4 Nf6 5.Nc3 d6 6.Bg5 e6 7.Qd2 a6 8.O-O-O Be7
9.f4 Bd7 10.Nf3 b5 11.e5 b4 12.exf6 bxc3 13.Qxc3 gxf6 14.f5 d5 15.fxe6 fxe6
16.Nd4 Nxd4 17.Qxd4 O-O 18.Bh6 Rf7 19.c4 Qa5 20.Kb1 f5 21.cxd5 Rb8 22.Qe3
Rxb2+ 23.Kxb2 Bf6+ 24.Kb1 f4 25.Qb3 Bc8 26.Rc1 Qd8 27.Rc4 exd5 28.Rxc8 Qxc8
29.Qxd5 Qb8+ 30.Qb3 Qe5 31.Bc4 Qe4+ 32.Kc1 {#r} 1-0

[Event "It \"]
[Site "masterchessopen.com – Sofia (Bulgaria)"]
[Date "2010.07.24"]
[Round "3"]
[White "Filev Georgi (BUL)"]
[Black "Mitov Borislav (BUL)"]
[Result "1-0"]
[WhiteElo "2370"]
[BlackElo "2101"]

1.e4 c5 2.Nf3 Nc6 3.d4 cxd4 4.Nxd4 d6 5.Nc3 Nf6 6.Bg5 e6 7.Qd2 Be7 8.O-O-O a6
9.f4 Bd7 10.Nf3 b5 11.Bd3 b4 12.Ne2 a5 13.Kb1 Qb6 14.Nc1 a4 15.Rhe1 Rc8 16.f5
a3 17.b3 Nd4 18.Be3 Nxf3 19.gxf3 Qb7 20.fxe6 fxe6 21.Rg1 Kf7 22.Ne2 Rhd8
23.Nf4 Bc6 24.Qg2 Bf8 25.Qh3 Bd7 26.Nh5 e5 27.Qh4 Qc7 28.Nxf6 Be7 29.Rxg7+
Kxg7 30.Qxh7+ Kxf6 31.Bg5+ Kxg5 32.Rg1+ Kf4 33.Qh6+ {#r} 1-0